000
00253nam a2200109Ia 4500
082
_a
617.41
_b
A 60 M
100
_a
MITAL,MAMTA
245
_a
ASTANGA HRIDAYAM PARSHNAVLI
260
_b
CHAUKHAMBHA PUB. NEW DELHI
_c
2060
300
_a
230
942
_2
ddc
_c
BK
_0
2
999
_c
7702
_d
7702